Linux for embedded and real-time applications (Record no. 5339)
[ view plain ]
| 000 -LEADER | |
|---|---|
| fixed length control field | 00778 a2200229 4500 |
| 020 ## - INTERNATIONAL STANDARD BOOK NUMBER | |
| International Standard Book Number | 0-7506-7546-2 (hft.) |
| 035 ## - SYSTEM CONTROL NUMBER | |
| System control number | (OCoLC)ocm52364829 |
| 035 ## - SYSTEM CONTROL NUMBER | |
| System control number | (DLC) 2003277020 |
| 040 ## - CATALOGING SOURCE | |
| Original cataloging agency | DLC |
| Language of cataloging | DLC |
| 100 1# - MAIN ENTRY--PERSONAL NAME | |
| Personal name | Abbott, Doug |
| 245 10 - TITLE STATEMENT | |
| Title | Linux for embedded and real-time applications |
| Statement of responsibility, etc. | Doug Abbott |
| 260 ## - PUBLICATION, DISTRIBUTION, ETC. | |
| Place of publication, distribution, etc. | Burlington, Mass. : |
| Name of publisher, distributor, etc. | Newnes, |
| Date of publication, distribution, etc. | cop. 2003 |
| 300 ## - PHYSICAL DESCRIPTION | |
| Extent | xii, 255 s. : |
| Other physical details | ill. ; |
| Dimensions | 24 cm + |
| Accompanying material | 1 CD-ROM |
| 440 #0 - SERIES STATEMENT/ADDED ENTRY--TITLE | |
| Title | Embedded technology series |
| 500 ## - GENERAL NOTE | |
| General note | CD-ROM contains Linux programs and source code, eBook version of the text |
| 650 #0 - SUBJECT ADDED ENTRY--TOPICAL TERM | |
| Topical term or geographic name entry element | Operating systems (Computers) |
| 650 #0 - SUBJECT ADDED ENTRY--TOPICAL TERM | |
| Topical term or geographic name entry element | Embedded computer systems |
| General subdivision | Programming |
| 650 #0 - SUBJECT ADDED ENTRY--TOPICAL TERM | |
| Topical term or geographic name entry element | Real-time programming |
| 650 #0 - SUBJECT ADDED ENTRY--TOPICAL TERM | |
| Topical term or geographic name entry element | Linux |
| 650 #0 - SUBJECT ADDED ENTRY--TOPICAL TERM | |
| Topical term or geographic name entry element | Inbyggda system |
| General subdivision | programmering |
| 942 ## - ADDED ENTRY ELEMENTS (KOHA) | |
| Koha item type | Book |
| Call number prefix | 004.16 ABB |
| Source of classification or shelving scheme | |
| Withdrawn status | Lost status | Damaged status | Not for loan | Collection code | Permanent Location | Current Location | Shelving location | Date acquired | Source of acquisition | Cost, normal purchase price | Total Checkouts | Full call number | Barcode | Date last seen | Price effective from | Koha item type |
|---|---|---|---|---|---|---|---|---|---|---|---|---|---|---|---|---|
| Central Library (CL) | Central Library (CL) | First Floor - Computer Science | 05/16/2005 | Academic Book company | 3960.74 | 004.16 ABB | SEECS005682 | 11/14/2012 | 01/05/2017 | Book | ||||||
| Central Library (CL) | Central Library (CL) | First Floor - Computer Science | 05/09/2005 | Allied Book Company | 432.76 | 004.16 ABB | SEECS005662 | 11/14/2012 | 01/05/2017 | Book |
